000 00789nam a22002057a 4500
999 _c2292
_d2292
003 AR-CdUCM
008 190304b ||||| |||| 00| 0 spa d
040 _aMUNICIPALIDAD PROVINCIAL DEL CUSCO
_cBIBLIOTECA MUNICIPAL DEL CUSCO
082 _a343.51 /
_bCH61
100 _aChirinos Soto, Enrique
_98275
245 _aEl Perú frente a junio de 1962 /
260 _aLima :
_bEdiciones del Sol,
_c1962.
300 _a194 paginas ;
_c17 cm.
505 _aContenido :De Pierola a Odría -- Juicio del gobierno de Odría -- Balance de las elecciones de 1956 -- Esquema del gobierno de Prado -- La lección del pasado -- La incógnita del porvenir ...
650 _aPerú - Historia
_97300
650 _aSIGLO XX
_98276
650 _aLINDLEY-1962
_98277
942 _2ddc
_cLIBROS
945 _arum